University Home | Library Home | Institutional Repository

Bovine genome mapping and trypanotolernace/ (Record no. 1365)

MARC details
000 -LEADER
fixed length control field 00564cam2a220016900 4500
001 - CONTROL NUMBER
control field tmp15754365
003 - CONTROL NUMBER IDENTIFIER
control field UPRA
005 - DATE AND TIME OF LATEST TRANSACTION
control field 20190809113324.0
020 ## - INTERNATIONAL STANDARD BOOK NUMBER
International Standard Book Number 9290552921
008 - FIXED-LENGTH DATA ELEMENTS--GENERAL INFORMATION
fixed length control field 951020s1991 xx eng u
035 ## - SYSTEM CONTROL NUMBER
System control number (Sirsi) r41941
050 ## - LIBRARY OF CONGRESS CALL NUMBER
Classification number SF 967.T78 Bov 1991
245 00 - TITLE STATEMENT
Title Bovine genome mapping and trypanotolernace/
Statement of responsibility, etc. edited by Teale, A. J.
260 ## - PUBLICATION, DISTRIBUTION, ETC.
Place of publication, distribution, etc. Nairobi:
Name of publisher, distributor, etc. The International Laboratory for Research on Animal Diseases,
Date of publication, distribution, etc. 1991.
300 ## - PHYSICAL DESCRIPTION
Extent 72p.
500 ## - GENERAL NOTE
General note Proceedings of a workshop held at ILRAD, Nairobi, Kenya. 9 -11 April, 1991.
Holdings
Withdrawn status Lost status Source of classification or shelving scheme Damaged status Not for loan Home library Current library Shelving location Total Checkouts Full call number Barcode Date last seen Copy number Price effective from Koha item type
    Library of Congress Classification     Vet Medicine Library Vet Medicine Library On Shelf   VET SF 967.T78 BOV 1991 33729001438162 08/09/2019 1 08/09/2019 Book
    Library of Congress Classification     Vet Medicine Library Vet Medicine Library On Shelf   VET SF 967.T78 BOV 1991 33729001438659 08/09/2019 2 08/09/2019 Book
© 2026 - The University of Zambia Library - Koha v25.11